Sports Quiz

Random Sports or NBA Quiz

NBA Playoffs: 1,200 points for One Team Quiz Stats

 Plays Quiz Updated Jun 14, 2018

Challenge
Share
Tweet
Embed
Score 0/107 Timer 15:00
12 Plays Today
Points NBA Player % Correct
5,987Michael Jordan
99.4%
5,640Kobe Bryant
98.6%
4,573LeBron James
98%
2,338LeBron James
98%
5,172Tim Duncan
96.6%
3,897Larry Bird
94.8%
3,701Magic Johnson
94.7%
4,457Jerry West
94.3%
4,519Karl Malone
94.2%
2,026Kevin Johnson
93.6%
1,802Dennis Johnson
93.6%
1,360Vinnie Johnson
93.5%
4,045Tony Parker
93%
3,864Dwyane Wade
92.5%
3,383Shaquille O'Neal
92.4%
2,620Kevin Durant
91.8%
3,217Scottie Pippen
91.1%
4,070Kareem Abdul-Jabbar
90.7%
1,692Kareem Abdul-Jabbar
90.7%
3,663Dirk Nowitzki
90.3%
2,375Russell Westbrook
89.3%
2,348Stephen Curry
88.9%
2,843Paul Pierce
88%
2,436John Stockton
86.4%
3,727Hakeem Olajuwon
86.4%
1,899Allen Iverson
84.5%
2,221David Robinson
84%
2,787Patrick Ewing
83.4%
2,972Reggie Miller
83.2%
2,261Isiah Thomas
82.9%
3,054Manu Ginobili
82.7%
2,673Bill Russell
82.5%
1,469Kevin Garnett
81.2%
1,265Wilt Chamberlain
79.3%
1,246Wilt Chamberlain
79.3%
1,410Ray Allen
78.5%
Points NBA Player % Correct
3,088Julius Erving
78.3%
1,937Klay Thompson
78.1%
1,244Draymond Green
77.3%
1,365Steve Nash
76%
3,182Kevin McHale
75%
1,713James Harden
73.7%
1,373Rasheed Wallace
73.2%
2,015Clyde Drexler
72.9%
3,022James Worthy
72.4%
1,958Chauncey Billups
72.1%
1,308Jason Kidd
70.8%
2,467Richard Hamilton
68.3%
1,273Charles Barkley
67.1%
1,432Kawhi Leonard
66.1%
1,668Gary Payton
66%
1,243Kyrie Irving
65.8%
3,776John Havlicek
65.6%
2,683Robert Parish
65.5%
1,561Pau Gasol
64%
1,336Rajon Rondo
63.6%
1,234Paul George
62.9%
2,018Bob Cousy
62.4%
1,345Dominique Wilkins
62.3%
3,623Elgin Baylor
61.4%
1,386Shawn Kemp
60.7%
1,752Joe Dumars
59.4%
2,909Sam Jones
58.5%
1,215Bobby Jones
58.3%
1,258Amar'e Stoudemire
56.5%
1,700Derek Fisher
53.1%
1,592George Gervin
52%
1,476Tayshaun Prince
48.2%
2,240Bob Pettit
47.9%
1,927Walt Frazier
46.2%
1,540Alex English
44.9%
1,377George Mikan
44.4%
Points NBA Player % Correct
1,352John Starks
44.1%
1,358Willis Reed
44%
1,320Horace Grant
43.7%
1,354Bill Laimbeer
43.4%
1,776Rick Barry
43%
1,466Jason Terry
40.5%
1,260Wes Unseld
39.7%
2,223Byron Scott
39.6%
1,604Gus Williams
37.1%
1,997Elvin Hayes
36.9%
1,389Jeff Hornacek
35.4%
1,211Danny Ainge
32.1%
1,730Maurice Cheeks
31.5%
1,527Terry Porter
30.9%
1,288Walter Davis
30.5%
1,684Dave Cowens
30.2%
1,537Rik Smits
29.3%
1,218Charles Oakley
29.3%
1,720Jo Jo White
29.3%
1,581Michael Cooper
28%
2,058Tom Heinsohn
27.1%
1,876Hal Greer
23.5%
1,308Gail Goodrich
22.1%
1,222Bill Bradley
21.9%
1,887Dolph Schayes
21.9%
1,451Sidney Moncrief
21.7%
1,340Dave DeBusschere
18.1%
1,392Jerome Kersey
15.8%
1,446Bill Sharman
14.4%
1,203Jamaal Wilkes
14.3%
1,254Andrew Toney
14.1%
1,493Don Nelson
11.5%
1,227Lou Hudson
9.5%
1,834Cliff Hagan
5.3%
1,331Frank Ramsey
5%

You're not logged in!

Compare scores with friends on all Sporcle quizzes.
Join for Free
OR
Log In

You Might Also Like...

Show Comments

Extras

Top Quizzes Today


Score Distribution

Your Account Isn't Verified!

In order to create a playlist on Sporcle, you need to verify the email address you used during registration. Go to your Sporcle Settings to finish the process.

Report this User

Report this user for behavior that violates our Community Guidelines.

Details: